000 00297nam a22001337a 4500
008 170801b xxu||||| |||| 00| 0 eng d
020 _a3540115250
041 _aeng
080 _a004
100 _a32
101 _aSHKI
245 _aCOMPUTER GRAPHICS PROGRAMMING
_cENDERLE, G
942 _2udc
_cBK
999 _c22394
_d22394